| 000 | 00517nam a2200217Ia 4500 | ||
|---|---|---|---|
| 005 | 20240323104755.0 | ||
| 008 | 140110s9999 xx 000 0 und d | ||
| 020 |
_a9788120343290 _cRs.375.00 |
||
| 040 | _aLoreto College | ||
| 041 | _aEnglish | ||
| 082 |
_a512 _bART |
||
| 100 | _aArtin,Michael | ||
| 245 |
_aAlgebra _cMichael Artin |
||
| 250 | _a2nd ed | ||
| 260 |
_aNew Delhi _bPHI Learning _c2011 |
||
| 300 | _axv,543p | ||
| 504 | _aIncludes index | ||
| 650 | _aAlgebra | ||
| 850 | _aLCLIB | ||
| 942 | _cBK | ||
| 999 |
_c37827 _d88306 |
||